000 00690nam a2200289Ia 4500
005 20260324115126.0
008 008 260324s9999 xx 000 0 eng d
020 _a9780367808181
037 _aEBOOK
040 _aCRL
040 _beng
040 _cCRL
041 _2eng
041 _aeng
084 _qCRL
100 _aIain Fraser; Madeleine Taylor
_91153458
245 4 _aThe Business of People
245 0 _bLeadership for the Changing World
260 _bTaylor and Francis
260 _c2019
365 _a
365 _b290
856 _uhttp://www.taylorfrancis.com/books/9780367808181
942 _cEBOOK
999 _c1744104
_d1744104